| 000 | 00616nam a2200181 4500 | ||
|---|---|---|---|
| 001 | 140434 | ||
| 003 | ES-MaACL | ||
| 005 | 20230906200057.0 | ||
| 007 | t| | ||
| 008 | 070214s1966 sp r ||||1| spa d | ||
| 100 | 1 |
_aSchweitzer, Albert. _9104897 |
|
| 245 | 1 | 0 |
_aRecuerdos de mi remoto ayer / _cAlbert Schweitzer ; traducción de Mercedes Lloret Compte ; con unas notas prologales de Emiliano M. Aguilera. |
| 260 |
_aBarcelona : _bOccitania, _c1966. |
||
| 300 |
_a88 p. ; _c21 cm. |
||
| 700 | 1 |
_aLloret Compte, Mercedes. _972922 |
|
| 700 | 1 |
_aAguilera, Emiliano M. _918758 |
|
| 852 |
_aES-MaACL _jC-29281 _bR.59713 |
||
| 999 |
_c140434 _d140434 |
||